Представление документа в формате MARC21

Поле Инд. ПП Название Значение
Тип записи a
Библиографический уровень m
001 _ Контрольный номер RU\infra-m\znanium\bibl\1918581
005 _ Дата корректировки 20250915104049.9
008 Кодируемые данные 221221s2022 RU g rus u
020 a ISBN 978-5-369-00649-8
020 a ISBN 978-5-16-103609-9
020 a ISBN 978-5-16-003994-7
040 a Служба первич. каталог. Общество с ограниченной ответственностью «ЗНАНИУМ»
041 a Код языка текста rus
044 a Код страны публикации RU
080 a Индекс УДК 330 (075.8)
084 2 Источник индекса rubbk
a Индекс другой классификации/Индекс ББК 65.5я73
084 2 Источник индекса okso
a Индекс другой классификации/Индекс ББК 00.03.13
084 2 Источник индекса okso
a Индекс другой классификации/Индекс ББК 00.05.13
100 1_ a Автор Басовский Леонид Ефимович
q Полное имя Леонид Ефимович
245 a Заглавие Экономика
b Продолж. заглавия Учеб. пособие; Учебное пособие
c Ответственность Тульский государственный педагогический университет им. Л.Н. Толстого
250 a Основные сведения об издании 1
260 a Место издания Москва
b Издательство Издательский Центр РИОР
c Дата издания 2023
300 a Объем 80 с.
440 a Серия ВПО: Бакалавриат
520 a Аннотация Изложены ответы на вопросы выносимые на экзамены по дисциплине «Экономика» изучаемой студентами неэкономических специальностей и направлений высшего профессионального образования. Включает ответы на все вопросы и объяснения всех понятий предусмотренных требованиями обязательных государственных стандартов высшего профессионального образования утвержденных Министерством образования Российской Федерации. Для студентов вузов обучающихся по неэкономическим направлениям и специальностям преподавателей дисциплины «Экономика».
521 a Примеч. о целев. назн. ВО - Бакалавриат
650 a Основная рубрика Экономика. Бухгалтерский учет. Финансы
x Основная подрубрика Общая экономическая теория
700 1_ a Другие авторы Басовская Елена Николаевна
q Полное имя Елена Николаевна
852 x Примечание, не предназначенное для пользователя znanium2023
856 4_ a Имя сервера/домена znanium.com
m Помощь ebs_support@infra-m.ru
n Местонахождение сервера НИЦ ИНФРА-М
u URL https://znanium.com/catalog/document?id=421421
z Примечание для пользователя Участвует в КО
856 41 a Имя сервера/домена znanium.com
d Путь /cover/1918
f Электронное имя 1918581.jpg
q Тип электронного формата image/jpeg
u URL https://znanium.com/cover/1918/1918581.jpg